[Event "GER-chT U16"]
[Site "Darmstadt"]
[Date "2022.12.29"]
[Round "6"]
[White "Lenz, Joshua"]
[Black "Liu, Leon"]
[Result "1-0"]
[WhiteElo "1527"]
[BlackElo "1298"]
[PlyCount "65"]
[EventDate "2022.12.26"]
[EventType "team-swiss"]
[EventRounds "7"]
[EventCountry "GER"]
[SourceTitle "CBM 212 Extra"]
[Source "ChessBase"]
[SourceDate "2023.03.31"]
[SourceVersion "1"]
[SourceVersionDate "2023.03.31"]
[SourceQuality "1"]
[WhiteTeam "Lahnstein Turm"]
[BlackTeam "Karlsruhe"]
[WhiteTeamCountry "GER"]
[BlackTeamCountry "GER"]

1. e4 c6 2. Nc3 d5 3. Nf3 Bg4 4. exd5 cxd5 5. d4 Nc6 6. Bb5 Nf6 7. Bf4 e6 8. h3 Bxf3 9. Qxf3 a6 10. Bxc6+ bxc6 11. Ne2 Bd6 12. c3 0-0 13. Bg5 Be7 14. Nf4 Ne4 15. Bxe7 Qxe7 16. Nd3 Rab8 17. Qe2 Rb6 18. 0-0 Rfb8 19. Rfc1 Qf6 20. b4 Qe7 21. a4 Qd6 22. Nc5 a5 23. bxa5 Rb2 24. Nxe4 dxe4 25. Qxe4 Ra8 26. Rcb1 Rxb1+ 27. Qxb1 Rxa5 28. Qb6 Ra8 29. Rb1 g6 30. Rb4 Qd5 31. Qc7 Ra5 32. Rb7 Qf5 33. g4 1-0

[Event "GER-chT U16"]
[Site "Darmstadt"]
[Date "2022.12.29"]
[Round "5"]
[White "Paringer, Jakob"]
[Black "Liu, Leon"]
[Result "0-1"]
[WhiteElo "1298"]
[BlackElo "1298"]
[PlyCount "56"]
[EventDate "2022.12.26"]
[EventType "team-swiss"]
[EventRounds "7"]
[EventCountry "GER"]
[SourceTitle "CBM 212 Extra"]
[Source "ChessBase"]
[SourceDate "2023.03.31"]
[SourceVersion "1"]
[SourceVersionDate "2023.03.31"]
[SourceQuality "1"]
[WhiteTeam "Ergolding"]
[BlackTeam "Karlsruhe"]
[WhiteTeamCountry "GER"]
[BlackTeamCountry "GER"]

1. e4 c6 2. Nc3 d5 3. Nf3 Bg4 4. h3 Bxf3 5. Qxf3 e6 6. d3 Nd7 7. d4 a6 8. Bd3 Qb6 9. Ne2 Ne7 10. 0-0 g6 11. Bd2 Bg7 12. Rab1 c5 13. dxc5 Nxc5 14. c3 Rd8 15. Rfd1 Qc6 16. Ng3 dxe4 17. Bxe4 Nxe4 18. Qxe4 Qb5 19. b3 0-0 20. c4 Qc6 21. Bb4 Qc7 22. Qh4 Rfe8 23. Ne4 Nf5 24. Nf6+ Bxf6 25. Qxf6 e5 26. g4 Nd4 27. Bd2 Re6 28. Qh4 Nf3+ 0-1

[Event "GER-chT U14"]
[Site "Willingen"]
[Date "2022.08.15"]
[Round "5.9"]
[White "Liu, Leon"]
[Black "Finck, Jonathan"]
[Result "1-0"]
[WhiteElo "1256"]
[BlackElo "1424"]
[PlyCount "118"]
[EventDate "2022.08.13"]
[EventType "team-swiss"]
[EventRounds "7"]
[EventCountry "GER"]
[SourceTitle "EXT 2023"]
[Source "ChessBase"]
[SourceDate "2022.10.05"]
[SourceVersion "1"]
[SourceVersionDate "2022.10.05"]
[SourceQuality "1"]
[WhiteTeam "Karlsruhe SF"]
[BlackTeam "Chemnitz USG"]
[WhiteTeamCountry "GER"]
[BlackTeamCountry "GER"]

1. e4 e5 2. Nf3 Nc6 3. Nc3 Nf6 4. a3 d5 5. exd5 Nxd5 6. Bb5 Nxc3 7. bxc3 Bd7 8. 0-0 Bd6 9. d4 0-0 10. Bxc6 Bxc6 11. Nxe5 Bxe5 12. dxe5 Qxd1 13. Rxd1 Rad8 14. Bg5 Rd5 15. Rxd5 Bxd5 16. Rd1 Be6 17. h3 Re8 18. g4 h6 19. Bd8 c6 20. f4 Bd5 21. Bc7 Rc8 22. Bd6 Be4 23. Rd2 Rd8 24. Kf2 g6 25. Ke3 Bd5 26. Bc5 b6 27. Bxb6 axb6 28. c4 Kf8 29. cxd5 cxd5 30. c4 d4+ 31. Rxd4 Rxd4 32. Kxd4 Ke7 33. Kd5 Kd7 34. f5 h5 35. fxg6 fxg6 36. gxh5 gxh5 37. e6+ Ke7 38. Kc6 Kxe6 39. Kxb6 Kd7 40. Kb7 Kd6 41. a4 Kc5 42. a5 Kxc4 43. a6 Kd4 44. a7 Ke4 45. a8Q Kf4 46. Qg8 h4 47. Qg4+ Ke5 48. Qxh4 Kf5 49. Qg4+ Ke5 50. Qf3 Kd4 51. Qe2 Kc3 52. Qd1 Kc4 53. Kc6 Kc3 54. Qd5 Kb4 55. Qc5+ Kb3 56. Kd5 Kb2 57. Kd4 Kb3 58. Qc3+ Ka2 59. Qb4 Ka1 1-0

[Event "GER-chT U14"]
[Site "Willingen"]
[Date "2022.08.13"]
[Round "2.9"]
[White "Liu, Leon"]
[Black "Walter, Romeo"]
[Result "1/2-1/2"]
[WhiteElo "1256"]
[BlackElo "1197"]
[PlyCount "130"]
[EventDate "2022.08.13"]
[EventType "team-swiss"]
[EventRounds "7"]
[EventCountry "GER"]
[SourceTitle "EXT 2023"]
[Source "ChessBase"]
[SourceDate "2022.10.05"]
[SourceVersion "1"]
[SourceVersionDate "2022.10.05"]
[SourceQuality "1"]
[WhiteTeam "Karlsruhe SF"]
[BlackTeam "Ostfildern"]
[WhiteTeamCountry "GER"]
[BlackTeamCountry "GER"]

1. e4 c6 2. d4 d5 3. exd5 cxd5 4. Bd3 Nc6 5. c3 Nf6 6. h3 Qc7 7. Nf3 e5 8. dxe5 Ne4 9. Qe2 Bf5 10. Nh4 Bg6 11. Nxg6 hxg6 12. Bxe4 dxe4 13. Qxe4 Qxe5 14. Qxe5+ Nxe5 15. 0-0 0-0-0 16. Be3 b6 17. Nd2 Be7 18. Rad1 f5 19. Rfe1 Bf6 20. Bd4 Rhe8 21. f4 Nd7 22. Nc4 Bxd4+ 23. cxd4 Rxe1+ 24. Rxe1 Nf8 25. Rd1 Ne6 26. Ne5 Nxf4 27. Kf2 Rd6 28. Kf3 Ne6 29. d5 Nc7 30. Nc6 a5 31. Kf4 Nxd5+ 32. Rxd5 Rxc6 33. Rd2 Rf6 34. Kg5 Kc7 35. h4 Re6 36. h5 gxh5 37. Kxf5 Rc6 38. Kg5 Rh6 39. Rf2 Rd6 40. Kxh5 Kc6 41. g4 b5 42. Rc2+ Kb6 43. g5 b4 44. Kg4 a4 45. Kf5 Kb5 46. Ke5 Rg6 47. Kf5 Rd6 48. Re2 Kc4 49. Re4+ Kc5 50. Re5+ Kc4 51. Ra5 b3 52. Rxa4+ Kd5 53. axb3 g6+ 54. Kf4 Rb6 55. b4 Kc4 56. Ke5 Kb5 57. Ra3 Kc6 58. Rf3 Kd7 59. Rf6 Rb5+ 60. Kf4 Rxb4+ 61. Ke3 Ke7 62. Rxg6 Kf7 63. Rf6+ Kg7 64. Ra6 Rxb2 65. Kf4 Rb5 1/2-1/2

[Event "GER Pfingstopen U16"]
[Site "Playchess.com INT"]
[Date "2020.06.05"]
[Round "1"]
[White "Bashylina, Luisa"]
[Black "Liu, Leon"]
[Result "1-0"]
[WhiteElo "1963"]
[BlackElo "1620"]
[PlyCount "21"]
[EventDate "2020.06.05"]
[EventType "swiss (blitz)"]
[EventRounds "11"]
[EventCountry "GER"]
[SourceTitle "CBM 197 Extra"]
[Source "ChessBase"]
[SourceDate "2020.09.30"]
[SourceVersion "1"]
[SourceVersionDate "2020.09.30"]
[SourceQuality "1"]

1. e4 c6 2. d4 d5 3. e5 Bf5 4. g4 Bg6 5. h4 h6 6. h5 Bh7 7. e6 fxe6 8. Bd3 Nd7 9. Bxh7 Rxh7 10. Qd3 Ngf6 11. Qg6# 1-0

[Event "GER Pfingstopen U16"]
[Site "Playchess.com INT"]
[Date "2020.06.05"]
[Round "5"]
[White "Liu, Leon"]
[Black "Heilig, Tim Markus"]
[Result "1-0"]
[WhiteElo "1620"]
[BlackElo "1620"]
[PlyCount "65"]
[EventDate "2020.06.05"]
[EventType "swiss (blitz)"]
[EventRounds "11"]
[EventCountry "GER"]
[SourceTitle "CBM 197 Extra"]
[Source "ChessBase"]
[SourceDate "2020.09.30"]
[SourceVersion "1"]
[SourceVersionDate "2020.09.30"]
[SourceQuality "1"]

1. e4 e5 2. Nf3 Nc6 3. Nc3 Nf6 4. d4 exd4 5. Nxd4 Bc5 6. Be3 Nxd4 7. Bxd4 Bxd4 8. Qxd4 d6 9. Bc4 0-0 10. 0-0 Re8 11. Rfe1 Be6 12. Bxe6 fxe6 13. Rad1 e5 14. Qc4+ Kh8 15. Nd5 Rc8 16. Nxf6 Qxf6 17. Qd5 b6 18. Qd2 Rf8 19. Rf1 Qe6 20. b3 Rf4 21. g3 Rf7 22. f4 exf4 23. Rxf4 Rcf8 24. Rxf7 Rxf7 25. Re1 Qh3 26. Qg2 Qh5 27. e5 h6 28. e6 Re7 29. Qa8+ Kh7 30. Qf8 Qc5+ 31. Kg2 Qc6+ 32. Kh3 Re8 33. Qf5+ 1-0

[Event "GER Pfingstopen U16"]
[Site "Playchess.com INT"]
[Date "2020.06.05"]
[Round "2"]
[White "Liu, Leon"]
[Black "Stepanjan, Marianne"]
[Result "1-0"]
[WhiteElo "1620"]
[BlackElo "1407"]
[PlyCount "51"]
[EventDate "2020.06.05"]
[EventType "swiss (blitz)"]
[EventRounds "11"]
[EventCountry "GER"]
[SourceTitle "CBM 197 Extra"]
[Source "ChessBase"]
[SourceDate "2020.09.30"]
[SourceVersion "1"]
[SourceVersionDate "2020.09.30"]
[SourceQuality "1"]

1. e4 c5 2. Nf3 d6 3. d4 cxd4 4. Nxd4 e6 5. Nc3 Nf6 6. Bg5 Be7 7. Bd3 h6 8. Bh4 a6 9. 0-0 b5 10. b4 Bb7 11. Re1 Nbd7 12. a3 Qc7 13. Qd2 Rc8 14. Bxf6 Bxf6 15. Nce2 0-0 16. c3 Nb6 17. Rac1 Bg5 18. f4 Bh4 19. g3 Bf6 20. Nb3 d5 21. e5 Be7 22. Ned4 f6 23. Nxe6 Qc6 24. Nxf8 Rxf8 25. exf6 Bxf6 26. Nd4 1-0

[Event "GER-chT U12"]
[Site "Magdeburg"]
[Date "2018.12.27"]
[Round "2.4"]
[White "Ruppel, Felix"]
[Black "Liu, Leon"]
[Result "0-1"]
[WhiteElo "1004"]
[BlackElo "1095"]
[PlyCount "52"]
[EventDate "2018.12.27"]
[EventType "team-swiss"]
[EventRounds "7"]
[EventCountry "GER"]
[SourceTitle "CBM 188 Extra"]
[Source "ChessBase"]
[SourceDate "2019.02.26"]
[SourceVersion "1"]
[SourceVersionDate "2019.02.26"]
[SourceQuality "1"]
[WhiteTeam "Neuberg"]
[BlackTeam "Karlsruhe SF"]
[WhiteTeamCountry "GER"]
[BlackTeamCountry "GER"]

1. e4 e5 2. Nf3 Nc6 3. Bc4 Bc5 4. c3 Nf6 5. d3 d6 6. a4 a5 7. 0-0 0-0 8. Bg5 h6 9. Bh4 Bg4 10. h3 Bh5 11. g4 Bg6 12. Nbd2 Ne7 13. Re1 Re8 14. Nf1 c6 15. Ng3 d5 16. exd5 Nexd5 17. Nxe5 Qb6 18. Rb1 Bxf2+ 19. Kf1 Bxe1 20. Qxe1 Ne3+ 21. Kf2 Rxe5 22. d4 Nexg4+ 23. hxg4 Rxe1 24. Rxe1 Qxb2+ 25. Ne2 Nxg4+ 26. Kf3 h5 0-1